{"text_format":"1","workbook":"xlsx","n_sheets":2,"sheets":["Данные","Лист1"],"not_rendered":{"charts":0,"images":0,"macros":1,"external_links":0,"defined_names":3,"comments":0,"pivot_tables":0},"unopened":[],"bounds":{"document_bytes":16777216,"sheet_cells":100000,"rows_first":2000,"rows_last":500,"rows_between":2000,"halvings":0,"cell_chars":16384,"cell_head_chars":4096},"cells_cut":0,"cells_raw":0,"read":"whole","date_system":"1900"}

{"sheet":"Данные","index":0,"n_rows":131,"n_cols":10,"rows_kept":131,"cut":false,"hidden":false,"merged":[[1,0,1,9]]}
[null,null,null,null,null,null,null,null,"Приложение №1"]
["Перечень актуальных и готовых к реализации невостребованных МТР"]
[]
["Наименование лота","Наименование ОГ","№ лота","№ позиции","Наименование неликвидных (НЛ) и невостребованных ликвидных (НВЛ) материалов","Ед. изм","Количество","Мин. цена реализации за ед., руб., без НДС ","Сумма, руб. без НДС","Место нахождения"]
["Задвижки","ПАО АНК \"Башнефть\" \"Башнефть-Новойл\"",1,1,"Задвижка 30лс915нж1 350х40 ХМ25Л КОФ2НГA","КМП",1,140650.44,{"$f":"G5*H5","v":140650.44},"450045, г. Уфа, ПАО АНК \"Башнефть\" \"Башнефть-Новойл\""]
["Задвижки","ПАО АНК \"Башнефть\" \"Башнефть-Новойл\"",1,2,"Задвижка 30с976нж 500х63 20Л пхпр. ЖС A","ШТ",1,116395.82,116395.82,"450045, г. Уфа, ПАО АНК \"Башнефть\" \"Башнефть-Новойл\""]
["Задвижки","ПАО АНК \"Башнефть\" \"Башнефть-Новойл\"",1,3,"Задвижка 30с999нж 600х25 20ЛК ОФ3/2 ЖС A","КМП",2,366240.46,732480.92,"450045, г. Уфа, ПАО АНК \"Башнефть\" \"Башнефть-Новойл\""]
["Задвижки","ПАО АНК \"Башнефть\" \"Башнефть-Новойл\"",1,4,"Задвижка 30ч15бр 500х10 фл1 В А","ШТ",1,77602.100000000006,77602.100000000006,"450045, г. Уфа, ПАО АНК \"Башнефть\" \"Башнефть-Новойл\""]
["Задвижки","ПАО АНК \"Башнефть\" \"Башнефть-Новойл\"",1,5,"Задвижка 30ч15бр 500х10 фл1 В А","ШТ",3,77602.100000000006,232806.30000000002,"450045, г. Уфа, ПАО АНК \"Башнефть\" \"Башнефть-Новойл\""]
["Задвижки","ПАО АНК \"Башнефть\" \"Башнефть-Новойл\"",1,6,"Задвижка 31с41нж 250/160 Ст20 фл7 НГ А","ШТ",1,320059.46000000002,320059.46000000002,"450045, г. Уфа, ПАО АНК \"Башнефть\" \"Башнефть-Новойл\""]
["Задвижки","ПАО АНК \"Башнефть\" \"Башнефть-Новойл\"",1,7,"Задвижка АРМ 13171 31с45нж 80х160 У1 A","ШТ",2,22061.32,44122.64,"450045, г. Уфа, ПАО АНК \"Башнефть\" \"Башнефть-Новойл\""]
["Задвижки","ПАО АНК \"Башнефть\" \"Башнефть-Новойл\"",1,8,"Задвижка ЗС 700.40.3333 25ГЛ КОФ2/3 НГ A","КМП",2,834299.11,1668598.22,"450045, г. Уфа, ПАО АНК \"Башнефть\" \"Башнефть-Новойл\""]
["Задвижки","ПАО АНК \"Башнефть\" \"Башнефть-Новойл\"",1,9,"Задвижка СМ11007-150-02 150/250 12Х1МФ A","ШТ",2,723758.69,1447517.38,"450045, г. Уфа, ПАО АНК \"Башнефть\" \"Башнефть-Новойл\""]
["Задвижки","ПАО АНК \"Башнефть\" \"Башнефть-Новойл\"",1,10,"Задвижка30лс915нж 350х40 20ГМЛ КОФ2/3НГA","КМП",1,296563.32,296563.32,"450045, г. Уфа, ПАО АНК \"Башнефть\" \"Башнефть-Новойл\""]
["Заслонки","ПАО АНК \"Башнефть\" \"Башнефть-Новойл\"",2,11,"Засл.з.р.LTR43 WN1.0619 223ЛНЗ80/25КОФ","КМП",2,279313.53000000003,558627.06000000006,"450045, г. Уфа, ПАО АНК \"Башнефть\" \"Башнефть-Новойл\""]
["Заслонки","ПАО АНК \"Башнефть\" \"Башнефть-Новойл\"",2,12,"Засл.отс.Argus FK79 1.4571 НЗ 50/600 КОФ","КМП",1,628809.82999999996,628809.82999999996,"450045, г. Уфа, ПАО АНК \"Башнефть\" \"Башнефть-Новойл\""]
["Заслонки","ПАО АНК \"Башнефть\" \"Башнефть-Новойл\"",2,13,"Засл.отс.LTR43 HastelloyC4 1422 НЗ200/40","КМП",1,928684,928684,"450045, г. Уфа, ПАО АНК \"Башнефть\" \"Башнефть-Новойл\""]
["Заслонки","ПАО АНК \"Башнефть\" \"Башнефть-Новойл\"",2,14,"Засл.отс.LTR43 WN1.0619 НО 250/100 КОФ","КМП",1,678015.25,678015.25,"450045, г. Уфа, ПАО АНК \"Башнефть\" \"Башнефть-Новойл\""]
["Заслонки","ПАО АНК \"Башнефть\" \"Башнефть-Новойл\"",2,15,"Засл.отс.LTR43 WN1.4408 НЗ 150/100 КОФ","КМП",1,757029.08,757029.08,"450045, г. Уфа, ПАО АНК \"Башнефть\" \"Башнефть-Новойл\""]
["Затворы","ПАО АНК \"Башнефть\" \"Башнефть-Новойл\"",3,16,"Затвор 19с38нж 50х63 У1 фл.кр","КМП",6,9012.01,54072.06,"450045, г. Уфа, ПАО АНК \"Башнефть\" \"Башнефть-Новойл\""]
["Затворы","ПАО АНК \"Башнефть\" \"Башнефть-Новойл\"",3,17,"Затв.отс.Valstar WCC НЗ 250/40 КОФ","КМП",1,466300.06,466300.06,"450045, г. Уфа, ПАО АНК \"Башнефть\" \"Башнефть-Новойл\""]
["Затворы","ПАО АНК \"Башнефть\" \"Башнефть-Новойл\"",3,18,"Затв.отс.Valstar WCC НЗ 100/40 КОФ","КМП",1,253284.31,253284.31,"450045, г. Уфа, ПАО АНК \"Башнефть\" \"Башнефть-Новойл\""]
["Затворы","ПАО АНК \"Башнефть\" \"Башнефть-Новойл\"",3,19,"Затв.отс.Valstar WCC НЗ 250/40 КОФ","КМП",1,466300.06,466300.06,"450045, г. Уфа, ПАО АНК \"Башнефть\" \"Башнефть-Новойл\""]
["Затворы","ПАО АНК \"Башнефть\" \"Башнефть-Новойл\"",3,20,"Затв.отс.WR LCC НЗ 150/40 КОФ","КМП",1,268016.93,268016.93,"450045, г. Уфа, ПАО АНК \"Башнефть\" \"Башнефть-Новойл\""]
["Затворы","ПАО АНК \"Башнефть\" \"Башнефть-Новойл\"",3,21,"Затв.рег.Valstar WCC 7828Л НО 400/40 КОФ","КМП",1,1253531.0900000001,1253531.0900000001,"450045, г. Уфа, ПАО АНК \"Башнефть\" \"Башнефть-Новойл\""]
["Затворы","ПАО АНК \"Башнефть\" \"Башнефть-Новойл\"",3,22,"Затвор 19лс69нж 500х80 15Х5М","ШТ",1,1272303.4099999999,1272303.4099999999,"450045, г. Уфа, ПАО АНК \"Башнефть\" \"Башнефть-Новойл\""]
["Затворы","ПАО АНК \"Башнефть\" \"Башнефть-Новойл\"",3,23,"Затвор 31101CS Hogfors350/16КОФ GP240ред","КМП",1,371804.06,371804.06,"450045, г. Уфа, ПАО АНК \"Башнефть\" \"Башнефть-Новойл\""]
["Затворы","ПАО АНК \"Башнефть\" \"Башнефть-Новойл\"",3,24,"Затвор 32с516нж 1000х16 20Л КОФ1 НГ","КМП",1,688478.75,688478.75,"450045, г. Уфа, ПАО АНК \"Башнефть\" \"Башнефть-Новойл\""]
["Затворы","ПАО АНК \"Башнефть\" \"Башнефть-Новойл\"",3,25,"Затвор 32с525нж 800х25 КОФ","КМП",2,456017.43,912034.86,"450045, г. Уфа, ПАО АНК \"Башнефть\" \"Башнефть-Новойл\""]
["Затворы","ПАО АНК \"Башнефть\" \"Башнефть-Новойл\"",3,26,"Затвор рег.BC02 1.4878 100Л НО 80/100КОФ","КМП",3,309574.25,928722.75,"450045, г. Уфа, ПАО АНК \"Башнефть\" \"Башнефть-Новойл\""]
["Затворы","ПАО АНК \"Башнефть\" \"Башнефть-Новойл\"",3,27,"Затвор рег.BC02 1.4878 200Л НО 100/40КОФ","КМП",1,304905.49,304905.49,"450045, г. Уфа, ПАО АНК \"Башнефть\" \"Башнефть-Новойл\""]
["Клапана","ПАО АНК \"Башнефть\" \"Башнефть-Новойл\"",4,28,"Кл.отс.ALFA68 316L НЗ 100/40 КОФ","КМП",1,278507.92,278507.92,"450045, г. Уфа, ПАО АНК \"Башнефть\" \"Башнефть-Новойл\""]
["Клапана","ПАО АНК \"Башнефть\" \"Башнефть-Новойл\"",4,29,"Клапан КМО-ЛГ201С 150 A НЗ У КОФ","КМП",1,221356.28,221356.28,"450045, г. Уфа, ПАО АНК \"Башнефть\" \"Башнефть-Новойл\""]
["Клапана","ПАО АНК \"Башнефть\" \"Башнефть-Новойл\"",4,30,"Клапан КМР-ЛГ101С 100 100Р НЗ У КОФ","ШТ",1,111715.49,111715.49,"450045, г. Уфа, ПАО АНК \"Башнефть\" \"Башнефть-Новойл\""]
["Клапана","ПАО АНК \"Башнефть\" \"Башнефть-Новойл\"",4,31,"Кл. РУСТ510-2У 1250Л СТОП 25Л 300х40 КОФ","КМП",2,785010.79,1570021.58,"450045, г. Уфа, ПАО АНК \"Башнефть\" \"Башнефть-Новойл\""]
["Клапана","ПАО АНК \"Башнефть\" \"Башнефть-Новойл\"",4,32,"Кл.з.р.ES3241 WN1.0619 0.4Л НО 20/40 КОФ","КМП",2,121132.82,242265.64,"450045, г. Уфа, ПАО АНК \"Башнефть\" \"Башнефть-Новойл\""]
["Клапана","ПАО АНК \"Башнефть\" \"Башнефть-Новойл\"",4,33,"Кл.отс.3241 WN1.0619 40 НО 50/40 КОФ","КМП",1,88369.51,88369.51,"450045, г. Уфа, ПАО АНК \"Башнефть\" \"Башнефть-Новойл\""]
["Клапана","ПАО АНК \"Башнефть\" \"Башнефть-Новойл\"",4,34,"Кл.отс.ALFA68 316L НЗ 100/40 КОФ","КМП",1,278507.92,278507.92,"450045, г. Уфа, ПАО АНК \"Башнефть\" \"Башнефть-Новойл\""]
["Клапана","ПАО АНК \"Башнефть\" \"Башнефть-Новойл\"",4,35,"Кл.отс.LTR43 WN1.0619 356 НЗ 100/25 КОФ","КМП",1,235340.75,235340.75,"450045, г. Уфа, ПАО АНК \"Башнефть\" \"Башнефть-Новойл\""]
["Клапана","ПАО АНК \"Башнефть\" \"Башнефть-Новойл\"",4,36,"Кл.отс.V726 1.6220 НО 50/40 КОФ","КМП",1,223795.05,223795.05,"450045, г. Уфа, ПАО АНК \"Башнефть\" \"Башнефть-Новойл\""]
["Клапана","ПАО АНК \"Башнефть\" \"Башнефть-Новойл\"",4,37,"Кл.р.72.3R WN1.0619 240/277Л НО8\"/300КОФ","КМП",1,747193.62,747193.62,"450045, г. Уфа, ПАО АНК \"Башнефть\" \"Башнефть-Новойл\""]
["Клапана","ПАО АНК \"Башнефть\" \"Башнефть-Новойл\"",4,38,"Кл.рег.3251 WN1.0619 90Л НЗ 100/100 КОФ","КМП",2,418753.13,837506.26,"450045, г. Уфа, ПАО АНК \"Башнефть\" \"Башнефть-Новойл\""]
["Клапана","ПАО АНК \"Башнефть\" \"Башнефть-Новойл\"",4,39,"Кл.рег.DKV WN1.0460 1.2Л 80/40 40/100КОФ","КМП",1,1017669.41,1017669.41,"450045, г. Уфа, ПАО АНК \"Башнефть\" \"Башнефть-Новойл\""]
["Клапана","ПАО АНК \"Башнефть\" \"Башнефть-Новойл\"",4,40,"Кл.рег.ES3241 WN1.0619 60Л НЗ 80/40 КОФ","КМП",1,211108.45,211108.45,"450045, г. Уфа, ПАО АНК \"Башнефть\" \"Башнефть-Новойл\""]
["Клапана","ПАО АНК \"Башнефть\" \"Башнефть-Новойл\"",4,41,"Кл.рег.LTR43 A217WC6 696Р НЗ 6\"\"/600 КОФ","КМП",1,1589325.2,1589325.2,"450045, г. Уфа, ПАО АНК \"Башнефть\" \"Башнефть-Новойл\""]
["Клапана","ПАО АНК \"Башнефть\" \"Башнефть-Новойл\"",4,42,"Кл.рег.V726 1.4581 73Л НО 100/40 КОФ","КМП",1,195167.05,195167.05,"450045, г. Уфа, ПАО АНК \"Башнефть\" \"Башнефть-Новойл\""]
["Клапана","ПАО АНК \"Башнефть\" \"Башнефть-Новойл\"",4,43,"Клапан 19нж38нж 40х63 УХЛ1","ШТ",6,17557.75,105346.5,"450045, г. Уфа, ПАО АНК \"Башнефть\" \"Башнефть-Новойл\""]
["Клапана","ПАО АНК \"Башнефть\" \"Башнефть-Новойл\"",4,44,"Клапан 19нж53нж 500х40 12Х18Н9ТЛ 3/2 А","КМП",1,1284926.18,1284926.18,"450045, г. Уфа, ПАО АНК \"Башнефть\" \"Башнефть-Новойл\""]
["Клапана","ПАО АНК \"Башнефть\" \"Башнефть-Новойл\"",4,45,"Клапан 19с38нж 300х40 УХЛ1 фл.кр.","КМП",1,67350.34,67350.34,"450045, г. Уфа, ПАО АНК \"Башнефть\" \"Башнефть-Новойл\""]
["Клапана","ПАО АНК \"Башнефть\" \"Башнефть-Новойл\"",4,46,"Клапан 19с47нж1 350х25 20Л КОФ2/3 НГ A","КМП",2,125887.19,251774.38,"450045, г. Уфа, ПАО АНК \"Башнефть\" \"Башнефть-Новойл\""]
["Клапана","ПАО АНК \"Башнефть\" \"Башнефть-Новойл\"",4,47,"Клапан 19с53нж 300х40 20Л КОФ2/3","КМП",1,80343.64,80343.64,"450045, г. Уфа, ПАО АНК \"Башнефть\" \"Башнефть-Новойл\""]
["Клапана","ПАО АНК \"Башнефть\" \"Башнефть-Новойл\"",4,48,"Клапан 19с53нж 300х40 20Л КОФ3/2 ВПНГ A","КМП",1,80343.64,80343.64,"450045, г. Уфа, ПАО АНК \"Башнефть\" \"Башнефть-Новойл\""]
["Клапана","ПАО АНК \"Башнефть\" \"Башнефть-Новойл\"",4,49,"Клапан 35-35222 100х600 WCC НЗ фл.","КМП",1,233677.73,233677.73,"450045, г. Уфа, ПАО АНК \"Башнефть\" \"Башнефть-Новойл\""]
["Клапана","ПАО АНК \"Башнефть\" \"Башнефть-Новойл\"",4,50,"Клапан 7с-6-3 250х25 КОФ","КМП",3,140490.95000000001,421472.85000000003,"450045, г. Уфа, ПАО АНК \"Башнефть\" \"Башнефть-Новойл\""]
["Клапана","ПАО АНК \"Башнефть\" \"Башнефть-Новойл\"",4,51,"Клапан D-Pro V15C-MF-4N-N-S 8х400 A","ШТ",4,4564.43,18257.72,"450045, г. Уфа, ПАО АНК \"Башнефть\" \"Башнефть-Новойл\""]
["Клапана","ПАО АНК \"Башнефть\" \"Башнефть-Новойл\"",4,52,"Клапан DS1525 40х80 WC6 2.06Л НО фл.","КМП",2,719035.43,1438070.86,"450045, г. Уфа, ПАО АНК \"Башнефть\" \"Башнефть-Новойл\""]
["Клапана","ПАО АНК \"Башнефть\" \"Башнефть-Новойл\"",4,53,"Клапан Valtek GS 25х40 F Cv0,46 1.0619","КМП",1,95923.69,95923.69,"450045, г. Уфа, ПАО АНК \"Башнефть\" \"Башнефть-Новойл\""]
["Клапана","ПАО АНК \"Башнефть\" \"Башнефть-Новойл\"",4,54,"Клапан Valtek GS 25х40 F Cv1,9 1.0619 НЗ","КМП",1,110901.27,110901.27,"450045, г. Уфа, ПАО АНК \"Башнефть\" \"Башнефть-Новойл\""]
["Клапана","ПАО АНК \"Башнефть\" \"Башнефть-Новойл\"",4,55,"Клапан Valtek GS 25х40 F Cv2,9 1.0619 НЗ","КМП",1,95923.69,95923.69,"450045, г. Уфа, ПАО АНК \"Башнефть\" \"Башнефть-Новойл\""]
["Клапана","ПАО АНК \"Башнефть\" \"Башнефть-Новойл\"",4,56,"Клапан ВДХ 100/16 и.2 20Л 100/16","ШТ",1,12370.34,12370.34,"450045, г. Уфа, ПАО АНК \"Башнефть\" \"Башнефть-Новойл\""]
["Клапана","ПАО АНК \"Башнефть\" \"Башнефть-Новойл\"",4,57,"Клапан ВДХ 40.16.1 и.2 20 40х16","ШТ",7,4616.5,32315.5,"450045, г. Уфа, ПАО АНК \"Башнефть\" \"Башнефть-Новойл\""]
["Клапана","ПАО АНК \"Башнефть\" \"Башнефть-Новойл\"",4,58,"Клапан ВДХ 50/16.8521 50х16 У2 А","ШТ",16,8100.14,129602.24000000001,"450045, г. Уфа, ПАО АНК \"Башнефть\" \"Башнефть-Новойл\""]
["Клапана","ПАО АНК \"Башнефть\" \"Башнефть-Новойл\"",4,59,"Клапан ВДХ 80.16и.2 20Л 80х16","ШТ",3,12513.33,37539.99,"450045, г. Уфа, ПАО АНК \"Башнефть\" \"Башнефть-Новойл\""]
["Клапана","ПАО АНК \"Башнефть\" \"Башнефть-Новойл\"",4,60,"Клапан ВДХ 80.16и.2 20Л 80х16","ШТ",10,12252.66,122526.6,"450045, г. Уфа, ПАО АНК \"Башнефть\" \"Башнефть-Новойл\""]
["Клапана","ПАО АНК \"Башнефть\" \"Башнефть-Новойл\"",4,61,"Клапан КБО-112НЖ 350 НО УХЛ1","ШТ",1,776724.71,776724.71,"450045, г. Уфа, ПАО АНК \"Башнефть\" \"Башнефть-Новойл\""]
["Клапана","ПАО АНК \"Башнефть\" \"Башнефть-Новойл\"",4,62,"Клапан КМО-ЛГ 301С 80 НЗ У 80х40 КОФ","КМП",1,110858.15,110858.15,"450045, г. Уфа, ПАО АНК \"Башнефть\" \"Башнефть-Новойл\""]
["Клапана","ПАО АНК \"Башнефть\" \"Башнефть-Новойл\"",4,63,"Клапан КМО-ЛГ201С 100 A НЗ У КОФ","КМП",1,150319.73000000001,150319.73000000001,"450045, г. Уфа, ПАО АНК \"Башнефть\" \"Башнефть-Новойл\""]
["Клапана","ПАО АНК \"Башнефть\" \"Башнефть-Новойл\"",4,64,"Клапан КМО-ЛГ201С 150 A НЗ У КОФ","КМП",4,221356.28,885425.12,"450045, г. Уфа, ПАО АНК \"Башнефть\" \"Башнефть-Новойл\""]
["Клапана","ПАО АНК \"Башнефть\" \"Башнефть-Новойл\"",4,65,"Клапан КМО-ЛГ301С 80 НО У КОФ","КМП",1,110858.15,{"$f":"G69*H69","v":110858.15},"450045, г. Уфа, ПАО АНК \"Башнефть\" \"Башнефть-Новойл\""]
["Клапана","ПАО АНК \"Башнефть\" \"Башнефть-Новойл\"",4,66,"Клапан КМО-ЛГ308C 25 A НЗ УХЛ1 КОФ","КМП",8,148113.79,1184910.32,"450045, г. Уфа, ПАО АНК \"Башнефть\" \"Башнефть-Новойл\""]
["Клапана","ПАО АНК \"Башнефть\" \"Башнефть-Новойл\"",4,67,"Клапан КМР-ЛГ101С 100 100Р НЗ У КОФ","ШТ",1,111715.49,111715.49,"450045, г. Уфа, ПАО АНК \"Башнефть\" \"Башнефть-Новойл\""]
["Клапана","ПАО АНК \"Башнефть\" \"Башнефть-Новойл\"",4,68,"Клапан КМР-ЛГ108С 25 6.3Р НЗ У КОФ","ШТ",1,55176.35,55176.35,"450045, г. Уфа, ПАО АНК \"Башнефть\" \"Башнефть-Новойл\""]
["Клапана","ПАО АНК \"Башнефть\" \"Башнефть-Новойл\"",4,69,"Клапан КМР-ЛГ201С 25 0.1Р НЗ У КОФ","ШТ",1,55176.35,55176.35,"450045, г. Уфа, ПАО АНК \"Башнефть\" \"Башнефть-Новойл\""]
["Клапана","ПАО АНК \"Башнефть\" \"Башнефть-Новойл\"",4,70,"Клапан КМР-Э-ЛГ101С 20 2.5Р НЗ У М КОФ","ШТ",1,42063.199999999997,42063.199999999997,"450045, г. Уфа, ПАО АНК \"Башнефть\" \"Башнефть-Новойл\""]
["Клапана","ПАО АНК \"Башнефть\" \"Башнефть-Новойл\"",4,71,"Клапан КОП 16с10п 40х16 25 КОФ1 ВП A","КМП",1,4860.37,4860.37,"450045, г. Уфа, ПАО АНК \"Башнефть\" \"Башнефть-Новойл\""]
["Клапана","ПАО АНК \"Башнефть\" \"Башнефть-Новойл\"",4,72,"Клапан КПЗ-100В Ду100 Ру10","ШТ",1,7308,7308,"450045, г. Уфа, ПАО АНК \"Башнефть\" \"Башнефть-Новойл\""]
["Клапана","ПАО АНК \"Башнефть\" \"Башнефть-Новойл\"",4,73,"Клапан РУСТ410-1У 32Л НЗ 25Л 40х16КОФ","КМП",1,62255.839999999997,62255.839999999997,"450045, г. Уфа, ПАО АНК \"Башнефть\" \"Башнефть-Новойл\""]
["Клапана","ПАО АНК \"Башнефть\" \"Башнефть-Новойл\"",4,74,"Клапан ФБ41.010.065.000-01Ру16КОФ1 20Вжг","КМП",1,11905.84,11905.84,"450045, г. Уфа, ПАО АНК \"Башнефть\" \"Башнефть-Новойл\""]
["Клапана","ПАО АНК \"Башнефть\" \"Башнефть-Новойл\"",4,75,"Блок БПК4 150-16М 50с7нж КПП4 №72 фл.","КМП",1,158760,158760,"450045, г. Уфа, ПАО АНК \"Башнефть\" \"Башнефть-Новойл\""]
["Клапана","ПАО АНК \"Башнефть\" \"Башнефть-Новойл\"",4,76,"Кр.отс.FB 1.4408 НЗ 50/40 КОФ","КМП",1,126997.6,126997.6,"450045, г. Уфа, ПАО АНК \"Башнефть\" \"Башнефть-Новойл\""]
["Клапана","ПАО АНК \"Башнефть\" \"Башнефть-Новойл\"",4,77,"Кр.отс.FB 1.4408 НЗ 80/40 КОФ","КМП",1,159726.75,159726.75,"450045, г. Уфа, ПАО АНК \"Башнефть\" \"Башнефть-Новойл\""]
["Колонки","ПАО АНК \"Башнефть\" \"Башнефть-Новойл\"",5,78,"Колонка упр.задв.Ду200 КУЗ-200-16 L1650","ШТ",2,17196.25,34392.5,"450045, г. Уфа, ПАО АНК \"Башнефть\" \"Башнефть-Новойл\""]
["Колонки","ПАО АНК \"Башнефть\" \"Башнефть-Новойл\"",5,79,"Колонка упр.задв.Ду400 КУЗ-400-16 L1740","ШТ",1,25798.67,25798.67,"450045, г. Уфа, ПАО АНК \"Башнефть\" \"Башнефть-Новойл\""]
["Колонки","ПАО АНК \"Башнефть\" \"Башнефть-Новойл\"",5,80,"Колонка упр.задв.Ду50 КУЗ-50-16 L2750","ШТ",1,25798.67,25798.67,"450045, г. Уфа, ПАО АНК \"Башнефть\" \"Башнефть-Новойл\""]
["Колонки","ПАО АНК \"Башнефть\" \"Башнефть-Новойл\"",5,81,"Колонка упр.задвиж.Ду200 КЭА.200.I L2200","ШТ",1,9441.5499999999993,9441.5499999999993,"450045, г. Уфа, ПАО АНК \"Башнефть\" \"Башнефть-Новойл\""]
["Колонки","ПАО АНК \"Башнефть\" \"Башнефть-Новойл\"",5,82,"Колонка упр.задвижками Ду400 II L1300","ШТ",5,26806.48,134032.4,"450045, г. Уфа, ПАО АНК \"Башнефть\" \"Башнефть-Новойл\""]
["Колонки","ПАО АНК \"Башнефть\" \"Башнефть-Новойл\"",5,83,"Колонка упр.задвижками Ду400 II L1300","ШТ",2,10792.45,21584.9,"450045, г. Уфа, ПАО АНК \"Башнефть\" \"Башнефть-Новойл\""]
["Колонки","ПАО АНК \"Башнефть\" \"Башнефть-Новойл\"",5,84,"Колонка упр.задвижками Ду400 II L2700","ШТ",1,29628.67,29628.67,"450045, г. Уфа, ПАО АНК \"Башнефть\" \"Башнефть-Новойл\""]
["Колонки","ПАО АНК \"Башнефть\" \"Башнефть-Новойл\"",5,85,"Колонка упр-ния КР1.200.I.У1 H-3600мм","ШТ",2,9401.09,18802.18,"450045, г. Уфа, ПАО АНК \"Башнефть\" \"Башнефть-Новойл\""]
["Колонки","ПАО АНК \"Башнефть\" \"Башнефть-Новойл\"",5,86,"Колонка упр-ния КР1.50.I.У1 Н-3600мм","ШТ",4,9401.09,37604.36,"450045, г. Уфа, ПАО АНК \"Башнефть\" \"Башнефть-Новойл\""]
["Вспомогательные материалы","ПАО АНК \"Башнефть\" \"Башнефть-Новойл\"",6,87,"Пружина №39","ШТ",2,1344.31,2688.62,"450045, г. Уфа, ПАО АНК \"Башнефть\" \"Башнефть-Новойл\""]
["Вспомогательные материалы","ПАО АНК \"Башнефть\" \"Башнефть-Новойл\"",6,88,"Пружина №39","ШТ",2,1953.68,3907.36,"450045, г. Уфа, ПАО АНК \"Башнефть\" \"Башнефть-Новойл\""]
["Вспомогательные материалы","ПАО АНК \"Башнефть\" \"Башнефть-Новойл\"",6,89,"Пружина к кл.СППК №31","ШТ",3,734.09,2202.27,"450045, г. Уфа, ПАО АНК \"Башнефть\" \"Башнефть-Новойл\""]
["Вспомогательные материалы","ПАО АНК \"Башнефть\" \"Башнефть-Новойл\"",6,90,"Пружина к кл.СППК №31","ШТ",4,653.45000000000005,2613.8000000000002,"450045, г. Уфа, ПАО АНК \"Башнефть\" \"Башнефть-Новойл\""]
["Вспомогательные материалы","ПАО АНК \"Башнефть\" \"Башнефть-Новойл\"",6,91,"Пружина кл.предохр.№10 50ХФА ГОСТ 14959","ШТ",3,417.72,1253.1600000000001,"450045, г. Уфа, ПАО АНК \"Башнефть\" \"Башнефть-Новойл\""]
["Вспомогательные материалы","ПАО АНК \"Башнефть\" \"Башнефть-Новойл\"",6,92,"Пружина кл.предохр.№10 50ХФА ГОСТ 14959","ШТ",6,427.69,2566.14,"450045, г. Уфа, ПАО АНК \"Башнефть\" \"Башнефть-Новойл\""]
["Вспомогательные материалы","ПАО АНК \"Башнефть\" \"Башнефть-Новойл\"",6,93,"Пружина кл.предохр.№4 50ХФА ГОСТ 14959","ШТ",2,557.27,1114.54,"450045, г. Уфа, ПАО АНК \"Башнефть\" \"Башнефть-Новойл\""]
["Вспомогательные материалы","ПАО АНК \"Башнефть\" \"Башнефть-Новойл\"",6,94,"Пружина кл.предохр.№4 50ХФА ГОСТ 14959","ШТ",2,573.70000000000005,1147.4000000000001,"450045, г. Уфа, ПАО АНК \"Башнефть\" \"Башнефть-Новойл\""]
["Вспомогательные материалы","ПАО АНК \"Башнефть\" \"Башнефть-Новойл\"",6,95,"Пружина кл.предохр.№40 50ХФА ГОСТ 14959","ШТ",2,2293.85,4587.7,"450045, г. Уфа, ПАО АНК \"Башнефть\" \"Башнефть-Новойл\""]
["Вспомогательные материалы","ПАО АНК \"Башнефть\" \"Башнефть-Новойл\"",6,96,"Пружина кл.предохр.№40 50ХФА ГОСТ 14959","ШТ",2,2361.2399999999998,4722.4799999999996,"450045, г. Уфа, ПАО АНК \"Башнефть\" \"Башнефть-Новойл\""]
["Вспомогательные материалы","ПАО АНК \"Башнефть\" \"Башнефть-Новойл\"",6,97,"Пружина кл.предохр.№40 50ХФА ГОСТ 14959","ШТ",1,1581.8,1581.8,"450045, г. Уфа, ПАО АНК \"Башнефть\" \"Башнефть-Новойл\""]
["Вспомогательные материалы","ПАО АНК \"Башнефть\" \"Башнефть-Новойл\"",6,98,"Пружина кл.предохр.№41 50ХФА ГОСТ 14959","ШТ",1,1868.39,1868.39,"450045, г. Уфа, ПАО АНК \"Башнефть\" \"Башнефть-Новойл\""]
["Вспомогательные материалы","ПАО АНК \"Башнефть\" \"Башнефть-Новойл\"",6,99,"Пружина кл.предохр.№50 50ХФА ГОСТ 14959","ШТ",4,801.3,3205.2,"450045, г. Уфа, ПАО АНК \"Башнефть\" \"Башнефть-Новойл\""]
["Вспомогательные материалы","ПАО АНК \"Башнефть\" \"Башнефть-Новойл\"",6,100,"Пружина кл.предохр.№52 50ХФА ГОСТ 14959","ШТ",5,983.74,4918.7,"450045, г. Уфа, ПАО АНК \"Башнефть\" \"Башнефть-Новойл\""]
["Вспомогательные материалы","ПАО АНК \"Башнефть\" \"Башнефть-Новойл\"",6,101,"Пружина кл.предохр.№59 50ХФА ГОСТ 14959","ШТ",2,2747.05,5494.1,"450045, г. Уфа, ПАО АНК \"Башнефть\" \"Башнефть-Новойл\""]
["Вспомогательные материалы","ПАО АНК \"Башнефть\" \"Башнефть-Новойл\"",6,102,"Пружина кл.предохр.№4 50ХФА ГОСТ 14959","ШТ",2,573.70000000000005,1147.4000000000001,"450045, г. Уфа, ПАО АНК \"Башнефть\" \"Башнефть-Новойл\""]
["Вспомогательные материалы","ПАО АНК \"Башнефть\" \"Башнефть-Новойл\"",6,103,"Пружина кл.предохр.№40 50ХФА ГОСТ 14959","ШТ",2,2293.85,4587.7,"450045, г. Уфа, ПАО АНК \"Башнефть\" \"Башнефть-Новойл\""]
["Вспомогательные материалы","ПАО АНК \"Башнефть\" \"Башнефть-Новойл\"",6,104,"Опора под задвижку Dу300 эск. 57322","ШТ",4,2503.84,10015.36,"450045, г. Уфа, ПАО АНК \"Башнефть\" \"Башнефть-Новойл\""]
["Вспомогательные материалы","ПАО АНК \"Башнефть\" \"Башнефть-Новойл\"",6,105,"Опора под задвижку Dу400 эск. 57323","ШТ",2,11873.03,23746.06,"450045, г. Уфа, ПАО АНК \"Башнефть\" \"Башнефть-Новойл\""]
["Электроприводы","ПАО АНК \"Башнефть\" \"Башнефть-Новойл\"",7,106,"Электропривод AUMA SAEX 14.6","ШТ",1,129667.51,129667.51,"450045, г. Уфа, ПАО АНК \"Башнефть\" \"Башнефть-Новойл\""]
["Электроприводы","ПАО АНК \"Башнефть\" \"Башнефть-Новойл\"",7,107,"Электропривод AUMA SAEXC 16.1/ACEXC 01.1","ШТ",2,255940.09,511880.18,"450045, г. Уфа, ПАО АНК \"Башнефть\" \"Башнефть-Новойл\""]
["Электроприводы","ПАО АНК \"Башнефть\" \"Башнефть-Новойл\"",7,108,"Электропривод LimiTorgu MX-10/65+AS13","ШТ",4,188120.86,752483.44,"450045, г. Уфа, ПАО АНК \"Башнефть\" \"Башнефть-Новойл\""]
["Электроприводы","ПАО АНК \"Башнефть\" \"Башнефть-Новойл\"",7,109,"Электропривод LimiTorgu MX-20/84+AS24","ШТ",3,204280.52,612841.55999999994,"450045, г. Уфа, ПАО АНК \"Башнефть\" \"Башнефть-Новойл\""]
["Электроприводы","ПАО АНК \"Башнефть\" \"Башнефть-Новойл\"",7,110,"Электропривод В-Б1-03 тип Б","ШТ",1,51002.5,{"$f":"G114*H114","v":51002.5},"450045, г. Уфа, ПАО АНК \"Башнефть\" \"Башнефть-Новойл\""]
["Электроприводы","ПАО АНК \"Башнефть\" \"Башнефть-Новойл\"",7,111,"Электропривод В-Г-06 тип Г","ШТ",1,87111.24,87111.24,"450045, г. Уфа, ПАО АНК \"Башнефть\" \"Башнефть-Новойл\""]
["Электроприводы","ПАО АНК \"Башнефть\" \"Башнефть-Новойл\"",7,112,"Электропривод ЭВИМТА-5.3Б тип Б","ШТ",1,84354.89,84354.89,"450045, г. Уфа, ПАО АНК \"Башнефть\" \"Башнефть-Новойл\""]
["Электроприводы","ПАО АНК \"Башнефть\" \"Башнефть-Новойл\"",7,113,"Электропривод ЭВИМТА-ПВ-А2 тип А","ШТ",2,54356.71,108713.42,"450045, г. Уфа, ПАО АНК \"Башнефть\" \"Башнефть-Новойл\""]
["Электроприводы","ПАО АНК \"Башнефть\" \"Башнефть-Новойл\"",7,114,"Электропривод ВВ-06 к задвижке 30с915нж","ШТ",4,66628.02,266512.08,"450045, г. Уфа, ПАО АНК \"Башнефть\" \"Башнефть-Новойл\""]
["Электроприводы","ПАО АНК \"Башнефть\" \"Башнефть-Новойл\"",7,115,"Электропривод LimiTorgu MX-10/65+AS13","ШТ",1,188120.86,188120.86,"450045, г. Уфа, ПАО АНК \"Башнефть\" \"Башнефть-Новойл\""]
["Электроприводы","ПАО АНК \"Башнефть\" \"Башнефть-Новойл\"",7,116,"Электропривод LimiTorgu MX-20/84+AS24","ШТ",2,204280.52,408561.04,"450045, г. Уфа, ПАО АНК \"Башнефть\" \"Башнефть-Новойл\""]
["ЗИП к арматуре, клапанам","ПАО АНК \"Башнефть\" \"Башнефть-Новойл\"",8,117,"Комплектация к кл.КПЗ 100-В-В-10-80 20","КМП",1,238.48,238.48,"450045, г. Уфа, ПАО АНК \"Башнефть\" \"Башнефть-Новойл\""]
["ЗИП к арматуре, клапанам","ПАО АНК \"Башнефть\" \"Башнефть-Новойл\"",8,118,"Ремкомплект к кл.LW7BA100AAJCT/07ч.9п.18","ШТ",1,18692.53,18692.53,"450045, г. Уфа, ПАО АНК \"Башнефть\" \"Башнефть-Новойл\""]
["ЗИП к арматуре, клапанам","ПАО АНК \"Башнефть\" \"Башнефть-Новойл\"",8,119,"Ремкомплект к кл.LW7BA125AAJCT/07ч.9п.18","ШТ",1,19616.78,19616.78,"450045, г. Уфа, ПАО АНК \"Башнефть\" \"Башнефть-Новойл\""]
["ЗИП к арматуре, клапанам","ПАО АНК \"Башнефть\" \"Башнефть-Новойл\"",8,120,"Ремкомплект к кл.LW7BA150AAJCT/07ч.9п.18","ШТ",1,19616.78,19616.78,"450045, г. Уфа, ПАО АНК \"Башнефть\" \"Башнефть-Новойл\""]
["ЗИП к арматуре, клапанам","ПАО АНК \"Башнефть\" \"Башнефть-Новойл\"",8,121,"Ремкомплект к кл.LW7BA250AAJCT/07ч.9п.18","ШТ",1,23901.51,23901.51,"450045, г. Уфа, ПАО АНК \"Башнефть\" \"Башнефть-Новойл\""]
["ЗИП к арматуре, клапанам","ПАО АНК \"Башнефть\" \"Башнефть-Новойл\"",8,122,"Ремкомплект к кл.LW7BA400AAJCT/07ч.9п.18","ШТ",1,28773.95,28773.95,"450045, г. Уфа, ПАО АНК \"Башнефть\" \"Башнефть-Новойл\""]
["ЗИП к арматуре, клапанам","ПАО АНК \"Башнефть\" \"Башнефть-Новойл\"",8,123,"Уплотнение штока MOGAS SP0350189","ШТ",6,29120.99,174725.94,"450045, г. Уфа, ПАО АНК \"Башнефть\" \"Башнефть-Новойл\""]
["Смотровое устройство","ПАО АНК \"Башнефть\" \"Башнефть-Новойл\"",9,124,"Указатель потока 15/63 U70-2-4-63-15","ШТ",4,96882.29,387529.16,"450045, г. Уфа, ПАО АНК \"Башнефть\" \"Башнефть-Новойл\""]
["Смотровое устройство","ПАО АНК \"Башнефть\" \"Башнефть-Новойл\"",9,125,"Фонарь смотр.1-1-80-0.6-1-20 АТК 26-01-1","ШТ",4,6300,25200,"450045, г. Уфа, ПАО АНК \"Башнефть\" \"Башнефть-Новойл\""]
["Смотровое устройство","ПАО АНК \"Башнефть\" \"Башнефть-Новойл\"",9,126,"Фонарь смотр.1-1-80-1.6-1-20 АТК 26-01-1","ШТ",1,6300,6300,"450045, г. Уфа, ПАО АНК \"Башнефть\" \"Башнефть-Новойл\""]
["Смотровое устройство","ПАО АНК \"Башнефть\" \"Башнефть-Новойл\"",9,127,"Фонарь смотр.1-1-80-1.6-1-20 АТК 26-01-1","ШТ",1,6300,6300,"450045, г. Уфа, ПАО АНК \"Башнефть\" \"Башнефть-Новойл\""]

{"sheet":"Лист1","index":1,"n_rows":0,"n_cols":0,"rows_kept":0,"cut":false,"hidden":false,"merged":[]}